00543cam a22001574a 4500020001500000040000800015082002600023245003700049260003200086300002700118500011400145650002000259650003300279700002100312710005200333 a2747543285 cDLC00a440 HAR 2003 A023 Or.03aLe français, langue du monde / aParis :bHarmattan,cc2003. aviii, 269 p. ;c24 cm. aProceedings of a meeting organized by the Organisation internationale de la francophonie in Brussels in 2002. 0aFrench language 0aCommunication, International1 aAttali, Jacques.2 aOrganisation internationale de la francophonie.